|
|
|
|
| LEADER |
00696 a2200193 4500 |
| 008 |
171216b xxu||||| |||| 00| 0 eng d |
| 999 |
|
|
|c 115733
|d 115733
|
| 020 |
|
|
|a 9789351112471
|
| 082 |
|
|
|a 020.7155
|
| 100 |
|
|
|a Kanwer Pal Singh
|
| 245 |
|
|
|a Preparation and training of library staff /
|c Kanwer Pal Singh
|
| 260 |
|
|
|b Random,
|c 2014.
|a New Delhi:
|
| 300 |
|
|
|a 279p.
|c 24cm.
|
| 500 |
|
|
|a Includes index.
|
| 650 |
|
|
|a Library administration
|
| 650 |
|
|
|a Library personnel management
|
| 650 |
|
|
|a Communication in library administration
|
| 942 |
|
|
|2 ddc
|c BK
|
| 952 |
|
|
|0 0
|1 0
|4 0
|6 020_715500000000000_KAN_P
|7 0
|9 123400
|a UL
|b UL
|c ST1
|d 2017-05-11
|e 176
|g 1116.00
|l 0
|o 020.7155 KAN/P
|p 97208
|r 2017-05-11
|v 1550.00
|y BK
|